MARC

LEADER 00000nam a2200000Ia 4500
001 23007
003 Arxiu
005 20260324175740.0
008 220610s2010 spaa|||| ||||s00| 0 cat c
040 |a AGDB 
080 |a FU-59-10 
110 |a Parc del Montnegre i el Corredor (Catalunya)  |9 10204 
245 1 3 |a La Vall d'Olzinelles :  |b  descobrim Sant Celoni (1) /   |c Parc del Montnegre i el Corredor 
260 |a Barcelona :  |b Diputació de Barcelona. Àrea d'Espais Naturals. Xarxa de Parcs Naturals,  |c 2010 
300 |a 1 f. plegat en 5 parts :  |b  il. col. ;  |c 21 cm 
490 1 |a Excursions senyalitzades ;  |v SL-C 79 
610 1 0 |a Parc del Montnegre i el Corredor (Catalunya)  |x Circuits turístics  |9 52714 
650 |a Excursionisme  |x Parc del Montnegre i el Corredor   |9 39871 
655 0 |a Fulletons  |9 55858 
710 1 |a Barcelona (Catalunya : Província).  |b Xarxa de Parcs Naturals  |9 7250 
710 |a Barcelona (Catalunya : Província).  |b Àrea d'Espais Naturals  |9 9050 
830 0 |9 55975  |a Itineraris senyalitzats  |v SL-C 79 
901 |a Arxiu 
942 |n 1  |2 udc  |c ARXIU 
952 |0 0  |1 0  |4 0  |6 FU5910  |7 1  |9 49286  |a Arxiu  |b Arxiu  |d 2016-12-01  |l 0  |o FU-59-10  |p 23007  |r 2016-12-01 00:00:00  |w 2016-12-01  |y ARXIU 
999 |c 53128  |d 53128